| 000 | 00648nam a22002057a 4500 | ||
|---|---|---|---|
| 999 |
_c63969 _d63969 |
||
| 003 | Ge_BSU | ||
| 005 | 20260227154321.0 | ||
| 008 | 260227s1989 enk||||| |||| 00| 0 eng d | ||
| 020 | _a9780804717977x | ||
| 041 | _aeng | ||
| 080 | _a316.334.56(520-25) B-52 | ||
| 100 |
_aBestor, Theodore C. _927019 |
||
| 245 |
_aNeighborhood Tokyo / _cTheodore C. Bestor. |
||
| 264 |
_aStanford : _bStanford Univ. press, _c1989. |
||
| 300 |
_a347 p. ; _b22 cm. |
||
| 504 | _aBibliogr.: p. 321-333. | ||
| 653 | _aიაპონიის ქალაქების სოციოლოგია | ||
| 653 | _aტოკიო | ||
| 942 |
_2udc _cᲬᲘᲒᲜᲘ |
||